000 00881nam a22002297a 4500
003 UA-OsUOA
001 124543
007 ta
008 20170811b un ||||| |||| 00| 0 ukr d
090 _a82.09(477)
_bС38
942 _cBK
040 _aUA-OsUOA
_bukr
_cUA-OsUOA
_dUA-OsUOA
245 _aСин народу, що вгору йде...
_bнауковий збірник праць викладачів, аспірантів, студентів УжДУ, присвячений 140-річчю від дня народження І. Франка
_cредкол.: Л. Голомб, Б. Галас, Т. Розумик
300 _a99 с.
955 _a1
041 _aukr
080 _a82.09(477)
020 _a966-7242-36-6
260 _aУжгород
_bПатент
_c1997
650 7 _a82 Література. Літературознавство
_2UDC
999 _c411625
_d411625